[Event "Havana Gilberto Garcia Memorial-B"]
[Site "Havana"]
[Date "2024.03.03"]
[Round "7"]
[White "Garcia Rodriguez, Maximo"]
[Black "Guevara Nodarse, Yuslen Alfredo"]
[Result "0-1"]
[WhiteElo "1452"]
[BlackElo "1451"]
[PlyCount "113"]
[EventDate "2024.02.24"]
[EventType "tourn"]
[EventRounds "9"]
[EventCountry "CUB"]
[SourceTitle "CB13_2024"]
[SourceDate "2024.03.27"]
[SourceVersion "1"]
[SourceVersionDate "2024.03.27"]
[SourceQuality "1"]

1. e4 e6 2. f4 d5 3. e5 c5 4. Nf3 Nc6 5. a3 Be7 6. Nc3 Nh6 7. Be2 Bd7 8. 0-0 a6 9. d3 Nf5 10. Ng5 h6 11. Nf3 b5 12. Qe1 Qb6 13. Qf2 Ncd4 14. Bd1 g6 15. Nxd4 Nxd4 16. Be3 Nxc2 17. Nxd5 exd5 18. Qxc2 Rc8 19. Bf3 d4 20. Bf2 h5 21. Bd5 0-0 22. Qe2 Bf5 23. h3 Rfd8 24. Bf3 Be6 25. Be4 Bd5 26. f5 Bxe4 27. Qxe4 Qc6 28. Qf4 gxf5 29. Qxf5 Qg6 30. Bg3 Kg7 31. Rf3 Qxf5 32. Rxf5 Kg6 33. Raf1 Rf8 34. Be1 f6 35. exf6 Rxf6 36. Rxf6+ Bxf6 37. Rf3 Rc6 38. Bd2 c4 39. dxc4 bxc4 40. Kf2 c3 41. bxc3 dxc3 42. Bf4 c2 43. Bc1 Bh4+ 44. Ke2 Bf6 45. Kd3 Rc3+ 46. Kd2 Rxf3 47. gxf3 Bg5+ 48. Kxc2 Bxc1 49. Kxc1 Kf5 50. Kd2 Kf4 51. Ke2 Kg3 52. Ke3 Kxh3 53. Kf2 h4 54. a4 a5 55. f4 Kg4 56. f5 Kxf5 57. Kg2 0-1

[Event "Havana Gilberto Garcia Memorial-B"]
[Site "Havana"]
[Date "2024.02.25"]
[Round "3"]
[White "Ramos Tuya, Moises"]
[Black "Guevara Nodarse, Yuslen Alfredo"]
[Result "1-0"]
[WhiteElo "1497"]
[BlackElo "1451"]
[PlyCount "92"]
[EventDate "2024.02.24"]
[EventType "tourn"]
[EventRounds "9"]
[EventCountry "CUB"]
[SourceTitle "CB13_2024"]
[SourceDate "2024.03.27"]
[SourceVersion "1"]
[SourceVersionDate "2024.03.27"]
[SourceQuality "1"]

1. d4 d5 2. c4 dxc4 3. Nc3 a6 4. a4 Nc6 5. Nf3 Nf6 6. Bg5 e6 7. e3 Na5 8. Nd2 Be7 9. Nxc4 Nxc4 10. Bxc4 h6 11. Bh4 b6 12. 0-0 Bb7 13. Rc1 0-0 14. Bg3 Bd6 15. Bh4 Be7 16. Bd3 Nd5 17. Nxd5 Qxd5 18. e4 Qd7 19. Bg3 Bd6 20. Bxd6 Qxd6 21. Bb1 g6 22. Qd2 Kh7 23. Rfe1 Rac8 24. Re3 Kg7 25. Rg3 Rfd8 26. Rh3 g5 27. Rd1 e5 28. d5 c5 29. Rg3 Qe7 30. h4 f6 31. hxg5 hxg5 32. f4 Kg6 33. d6 Qd7 34. fxe5 Qxa4 35. exf6 Qd4+ 36. Qxd4 cxd4 37. e5+ Kf7 38. Rxg5 Bd5 39. Bf5 Rg8 40. Bxc8 Rxg5 41. g4 Be6 42. Bxe6+ Kxe6 43. Rxd4 Rg8 44. Re4 Kd7 45. f7 Rf8 46. e6+ Kxd6 1-0

[Event "Havana Gilberto Garcia Memorial-B"]
[Site "Havana"]
[Date "2024.02.24"]
[Round "1"]
[White "Ondar Hernandez, Wiber Dariel"]
[Black "Guevara Nodarse, Yuslen Alfredo"]
[Result "1-0"]
[WhiteElo "1643"]
[BlackElo "1451"]
[PlyCount "67"]
[EventDate "2024.02.24"]
[EventType "tourn"]
[EventRounds "9"]
[EventCountry "CUB"]
[SourceTitle "CB13_2024"]
[SourceDate "2024.03.27"]
[SourceVersion "1"]
[SourceVersionDate "2024.03.27"]
[SourceQuality "1"]

1. d4 d5 2. Bf4 Nf6 3. e3 e6 4. Nd2 Bd6 5. Bg3 c6 6. Ngf3 Qc7 7. Bxd6 Qxd6 8. Ne5 Nbd7 9. f4 c5 10. c3 b6 11. Bd3 Bb7 12. 0-0 g6 13. Qf3 cxd4 14. exd4 0-0 15. Rae1 Rac8 16. Qh3 Kg7 17. f5 Rfe8 18. fxe6 Rxe6 19. Nxd7 Qxd7 20. Rxe6 Qxe6 21. Qxe6 fxe6 22. Re1 Re8 23. Nf3 Nd7 24. Bb5 Bc8 25. Ne5 Re7 26. Nc6 Rf7 27. Nd8 Rf6 28. Nxe6+ Kf7 29. Ng5+ Kg7 30. Re7+ Kh6 31. Nf7+ Kh5 32. Bxd7 Ba6 33. g4+ Kh4 34. Ne5 1-0